Logo BPK

Biblioteka

Politechniki Koszalińskiej

Hydrologia ogólna / (Rekord nr 6270)

Szczegóły MARC
000 -ETYKIETA REKORDU
podpole kontrolne o stałej długości 00607nam a2200205 i 4500
001 - NUMER KONTROLNY REKORDU
pole kontrolne bg
020 ## - MIĘDZYNARODOWY ZNORMALIZOWANY NUMER KSIĄŻKI - ISBN
ISBN 8301112662
040 ## - ŹRÓDŁO KATALOGOWANIA
Instytucja, która utworzyła rekord BPK
041 ## - KOD JĘZYKA
Kod języka tekstu pol
080 ## - UNIWERSALNA KLASYFIKACJA DZIESIĘTNA - UKD
UKD 556(075.8)
920 ## - Międzynarodowy znormalizowany numer książki – ISBN
ISBN 83-01-11266-2
008 - POLE O STAŁEJ DŁUGOŚCI - DANE KONTROLNE
podpole kontrolne o stałej długości s pl f |000 0 pol
100 1# - NAZWA OSOBOWA
Nazwa osobowa Bajkiewicz-Grabowska, Elżbieta
Daty związane z nazwą (1949- ).
245 #0 - TYTUŁ/ODPOWIEDZIALNOŚĆ
Tytuł Hydrologia ogólna /
Pozostałe elementy strefy tytułu i oznaczenia odpowiedzialności Elżbieta Bajkiewicz-Grabowska, Zdzisław Mikulski.
260 ## - STREFA ADRESU WYDAWNICZEGO
Miejsce wydania Warszawa :
Nazwa wydawcy/dystrybutora Wydawnictwo Naukowe PWN,
Data publikacji, dystrybucji/powstania dokumentu 1993.
300 ## - STREFA OPISU FIZYCZNEGO
Objętość 285, [1] s. :
Inne cechy fizyczne mapy, rys., wykr. ;
Rozmiary 24 cm.
504 ## - UWAGA DOTYCZĄCA BIBLIOGRAFII
Informacje o bibliografii Bibliogr. s. 284-285.
700 1# - HASŁO DODATKOWE - NAZWA OSOBOWA
Nazwa osobowa Mikulski, Zdzisław.
856 ## - LOKALIZACJA I DOSTĘP DO ELEKTRONICZNYCH DOKUMENTÓW ZDALNYCH
Link (URL) http://koha.tu.koszalin.pl/cgi-bin/koha/opac-detail.pl?biblionumber=6270
Tekst linku Katalog online BPK
942 ## - DODATKOWE ELEMENTY (KOHA)
Typ dokumentu Książka
Egzemplarze
Wycofany Status egzemplarza Uszkodzony Dostępność Lokalizacja stała Lokalizacja bieżąca Miejsce przechowywania Sygnatura Kod kreskowy Ostatnio wypożyczono Typ dokumentu
      Dostępny Biblioteka Politechniki Koszalińskiej Biblioteka Politechniki Koszalińskiej Wypożyczalnia BG P 46910 01106121 30.01.2014 Książka
      Dostępny Biblioteka Politechniki Koszalińskiej Biblioteka Politechniki Koszalińskiej Wypożyczalnia BG P 47381 01814170 20.02.2019 Książka
© 2023 Biblioteka Politechniki Koszalińskiej :: KOHA